000 01389nam a2200253 i 4500
001 bg
111 2 _aMiędzynarodowe Sympozjum Naukowe Studentów i Młodych Pracowników Nauki
_n(17 ;
_d1995 ;
_cZielona Góra).
245 0 3 _a17 Międzynarodowe Sympozjum Naukowe Studentów i Młodych Pracowników Nauki, Zielona Góra, kwiecień 1995 =
_b17 Internationales Wissenschaftliches Kolloquium der Studenten und Jungen Wissenschaftler = 17 Meždunarodnyj Naučnyj Simpoizium Studentov i Molodych Naučnych Rabotnikov.
_nT. 3,
_pElektrotechnika i elektronika = Elektrotechnik und Elektronik /
_c[kol. red. Tomasz Migacz et al.] ; Wyższa Szkoła Inżynierska w Zielonej Górze.
246 1 1 _aInternationales Wissenschaftliches Kolloquium der Studenten und Jungen Wissenschaftler, 17
246 1 1 _aMeždunarodnyj Naučnyj Simpozium Studentov i Molodych Naučnych Rabotnikov, 17
260 _aZielona Góra :
_bWydaw. WSI,
_c1995.
300 _a171 s. :
_brys., wykr. ;
_c24 cm.
500 _aTekst częśc. ang., niem., ros.
504 _aBibliogr., rez., streszcz., summ., Zsfassung przy ref.
650 9 _aElektroenergetyka
650 9 _aKomputery
_xstosowanie
655 _aMateriały konferencyjne
700 1 _aMigacz, Tomasz.
_eRed.
040 _cBPK
041 0 _apleneru
080 _a62+69+681.322.004+65.012](061.3)
942 _cKS
008 s pl f |000 0 pol
999 _c31158
_d31158
856 _uhttp://koha.tu.koszalin.pl/cgi-bin/koha/opac-detail.pl?biblionumber=31158
_yKatalog online BPK